| 000 | 00000nam 2200000za 4500 |
| 001 | 9.818121 |
| 003 | CaOODSP |
| 005 | 20221107142635 |
| 007 | cr ||||||||||| |
| 008 | 160520s2002 oncai #o f000 0 eng d |
| 040 | |aCaOODSP|beng |
| 043 | |an-cn--- |
| 086 | 1 |aS2-211/2002-1E-PDF |
| 245 | 04|aThe provinces and territories of Canada |h[electronic resource]. |
| 260 | |a[Ottawa] : |bCanadian Heritage, |c[2002]. |
| 300 | |a1 p. : |bcol. ill. |
| 500 | |aIssued also in French under title: Les provinces et les territoires du Canada. |
| 692 | 07|2gccst|aSymbols |
| 692 | 07|2gccst|aHeraldry |
| 692 | 07|2gccst|aFlags |
| 710 | 1 |aCanada. |bCanadian Heritage. |
| 775 | 08|tLes provinces et les territoires du Canada |w(CaOODSP)9.818122 |
| 776 | 0#|tSymbols of Canada (folded chart).|w(CaOODSP)9.648304 |
| 856 | 40|qPDF|s21.77 MB|uhttps://publications.gc.ca/collections/collection_2016/pch/S2-211-2002-1-eng.pdf |